00538nam a2200145 i 450000100060000000300090000600700030001500800410001810000350005924501690009426000460026330000210030971000380033085200240036852462ES-MaACLt|030829s1899 sp ||||1| spa d1 aCheca y Sánchez, Ricardo de.10aDiscurso leído en la Universidad Literaria de Sevilla en el acto solemne de la apertura del curso académico de 1899 a 1900 / cpor Ricardo de Checa y Sánchez. aSevilla : bFernando de Santiago, c1899. a44 p. ; c32 cm.2 aUniversidad Literaria de Sevilla. aES-MaACLjT-913-F-5